[Event "GER-ch U18 Girls"]
[Site "Oberhof"]
[Date "2010.05.29"]
[Round "9"]
[White "Kirst, Julia"]
[Black "Rolfs, Rebecca"]
[Result "1-0"]
[WhiteElo "1712"]
[BlackElo "1408"]
[PlyCount "55"]
[EventDate "2010.05.22"]
[EventType "swiss"]
[EventRounds "9"]
[EventCountry "GER"]
[SourceTitle "CBM 136 Extra"]
[Source "ChessBase"]
[SourceDate "2010.07.02"]
[SourceVersion "2"]
[SourceVersionDate "2010.07.15"]
[SourceQuality "1"]

1. d4 d5 2. c4 dxc4 3. Nf3 Nf6 4. Nc3 a6 5. e3 e6 6. Bxc4 b5 7. Bd3 Bb7 8. 0-0 c5 9. Ne5 Nbd7 10. f4 cxd4 11. exd4 Nxe5 12. dxe5 Bc5+ 13. Kh1 Nd5 14. Qe2 Nxc3 15. bxc3 Qb6 16. a4 b4 17. cxb4 Bxb4 18. Be3 Qa5 19. Bf2 Qd5 20. Bh4 Qd4 21. Rad1 Qc3 22. Be4 Bxe4 23. Qxe4 0-0 24. Rf3 Qc5 25. Rh3 g6 26. Bf6 Rac8 27. Qf3 Qc2 28. Rxh7 1-0

[Event "GER-ch U18 Girls"]
[Site "Oberhof"]
[Date "2010.05.27"]
[Round "7"]
[White "Erofeev, Anastasia"]
[Black "Rolfs, Rebecca"]
[Result "1-0"]
[WhiteElo "1624"]
[BlackElo "1408"]
[PlyCount "75"]
[EventDate "2010.05.22"]
[EventType "swiss"]
[EventRounds "9"]
[EventCountry "GER"]
[SourceTitle "CBM 136 Extra"]
[Source "ChessBase"]
[SourceDate "2010.07.02"]
[SourceVersion "2"]
[SourceVersionDate "2010.07.15"]
[SourceQuality "1"]

1. e4 e5 2. Nf3 Nc6 3. Bc4 Bc5 4. d3 Nf6 5. Nc3 d6 6. Be3 Bb6 7. Nd5 Nxd5 8. Bxd5 Ne7 9. Bb3 Bg4 10. Bxf7+ Kf8 11. Bb3 Bh5 12. Qe2 Nc6 13. Bxb6 axb6 14. Qe3 h6 15. 0-0 Qf6 16. Nd2 g5 17. c3 Ke7 18. a3 Raf8 19. Bd1 Bxd1 20. Raxd1 Nd8 21. d4 Ne6 22. dxe5 Qxe5 23. Nf3 Qf6 24. e5 dxe5 25. Nxe5 Rd8 26. Rxd8 Rxd8 27. Ng4 Qf8 28. Re1 Rd6 29. Qe4 Rc6 30. Qh7+ Ke8 31. Nxh6 Qf6 32. Ng4 Qf7 33. Qxf7+ Kxf7 34. Ne5+ Kf6 35. Nxc6 bxc6 36. Re4 c5 37. g3 Kf5 38. f3 1-0

[Event "GER-ch U18 Girls"]
[Site "Oberhof"]
[Date "2010.05.23"]
[Round "2"]
[White "Rolfs, Rebecca"]
[Black "Stoer, Agnes"]
[Result "0-1"]
[WhiteElo "1408"]
[BlackElo "1877"]
[PlyCount "68"]
[EventDate "2010.05.22"]
[EventType "swiss"]
[EventRounds "9"]
[EventCountry "GER"]
[SourceTitle "CBM 136 Extra"]
[Source "ChessBase"]
[SourceDate "2010.07.02"]
[SourceVersion "2"]
[SourceVersionDate "2010.07.15"]
[SourceQuality "1"]

1. e4 e6 2. d4 d5 3. exd5 exd5 4. Nc3 Nf6 5. Bg5 c6 6. Nf3 Bg4 7. Be2 Bd6 8. Nh4 Be6 9. Bd3 h6 10. Bd2 0-0 11. Nf5 Bxf5 12. Bxf5 Re8+ 13. Ne2 Qe7 14. Be3 Ne4 15. Qd3 Na6 16. c3 Nc7 17. 0-0-0 b5 18. Rde1 Qf6 19. Bxe4 dxe4 20. Qc2 Nd5 21. Ng3 Qe6 22. Bd2 f5 23. Kb1 a5 24. Qc1 b4 25. c4 Nf6 26. b3 a4 27. bxa4 Rxa4 28. Qc2 Rea8 29. Re2 Rxa2 30. Qxa2 Rxa2 31. Kxa2 Qxc4+ 32. Kb2 Qxd4+ 33. Kc2 Qd3+ 34. Kd1 b3 0-1

[Event "GER-chT DLM U20"]
[Site "Wismar"]
[Date "2009.10.03"]
[Round "6"]
[White "Rolfs, Rebecca"]
[Black "Keller, Peter1"]
[Result "1/2-1/2"]
[WhiteElo "1158"]
[BlackElo "1896"]
[PlyCount "33"]
[EventDate "2009.09.30"]
[EventType "team-swiss"]
[EventRounds "7"]
[EventCountry "GER"]
[SourceTitle "CBM 132 Extra"]
[Source "ChessBase"]
[SourceDate "2009.11.03"]
[SourceVersion "1"]
[SourceVersionDate "2009.11.03"]
[SourceQuality "1"]
[WhiteTeam "Hamburg U20"]
[BlackTeam "Hessen U20"]
[WhiteTeamCountry "GER"]
[BlackTeamCountry "GER"]

1. e4 e5 2. Nf3 Nc6 3. Bc4 Nf6 4. d3 Be7 5. Nc3 0-0 6. Be3 d6 7. h3 Na5 8. Bb3 Nxb3 9. axb3 Re8 10. 0-0 c6 11. Ne2 Qc7 12. Bxa7 Be6 13. Be3 Rxa1 14. Qxa1 d5 15. Ng3 c5 16. Qa4 b5 17. Qa1 1/2-1/2

[Event "GER-chT DLM U20"]
[Site "Wismar"]
[Date "2009.10.01"]
[Round "3"]
[White "Pallas, Sebastian"]
[Black "Rolfs, Rebecca"]
[Result "0-1"]
[WhiteElo "1371"]
[BlackElo "1158"]
[PlyCount "44"]
[EventDate "2009.09.30"]
[EventType "team-swiss"]
[EventRounds "7"]
[EventCountry "GER"]
[SourceTitle "CBM 132 Extra"]
[Source "ChessBase"]
[SourceDate "2009.11.03"]
[SourceVersion "1"]
[SourceVersionDate "2009.11.03"]
[SourceQuality "1"]
[WhiteTeam "Sachsen Anhalt U20"]
[BlackTeam "Hamburg U20"]
[WhiteTeamCountry "GER"]
[BlackTeamCountry "GER"]

1. d4 d5 2. c4 e6 3. Nc3 c6 4. Nf3 Nf6 5. Bg5 Be7 6. e3 Nbd7 7. Bd3 0-0 8. 0-0 dxc4 9. Bxc4 b5 10. Bd3 a6 11. Re1 c5 12. Rc1 Bb7 13. Bxf6 Nxf6 14. Bb1 Rc8 15. dxc5 Bxc5 16. h3 Qc7 17. Nd2 Rfd8 18. Qc2 Qe5 19. Nf1 Bd6 20. f4 Qh5 21. Qe2 Qxe2 22. Rxe2 b4 0-1

[Event "GER-chT DLM U20"]
[Site "Wismar"]
[Date "2009.10.01"]
[Round "4"]
[White "Rolfs, Rebecca"]
[Black "Sadewasser, Lucie"]
[Result "1-0"]
[WhiteElo "1158"]
[BlackElo "1031"]
[PlyCount "45"]
[EventDate "2009.09.30"]
[EventType "team-swiss"]
[EventRounds "7"]
[EventCountry "GER"]
[SourceTitle "CBM 132 Extra"]
[Source "ChessBase"]
[SourceDate "2009.11.03"]
[SourceVersion "1"]
[SourceVersionDate "2009.11.03"]
[SourceQuality "1"]
[WhiteTeam "Hamburg U20"]
[BlackTeam "Mecklenburg-Vorpommern U20"]
[WhiteTeamCountry "GER"]
[BlackTeamCountry "GER"]

1. e4 e5 2. Nf3 Nc6 3. Bc4 Nf6 4. d3 Bc5 5. Nc3 d6 6. Bg5 Bg4 7. h3 Bh5 8. g4 Bg6 9. Qd2 h6 10. Bh4 Bb4 11. 0-0-0 Nd4 12. Nh2 b5 13. Bb3 a5 14. a3 Nxb3+ 15. cxb3 Bxc3 16. Qxc3 Qe7 17. Qc6+ Kf8 18. Qxa8+ Qe8 19. Qxa5 Qc6+ 20. Kb1 Nd7 21. Rc1 Qb6 22. Qxb6 cxb6 23. Rc8# 1-0

[Event "GER-chT DLM U20"]
[Site "Wismar"]
[Date "2009.09.30"]
[Round "2"]
[White "Rolfs, Rebecca"]
[Black "Diederichs, Luise"]
[Result "1/2-1/2"]
[WhiteElo "1158"]
[BlackElo "1521"]
[PlyCount "83"]
[EventDate "2009.09.30"]
[EventType "team-swiss"]
[EventRounds "7"]
[EventCountry "GER"]
[SourceTitle "CBM 132 Extra"]
[Source "ChessBase"]
[SourceDate "2009.11.03"]
[SourceVersion "1"]
[SourceVersionDate "2009.11.03"]
[SourceQuality "1"]
[WhiteTeam "Hamburg U20"]
[BlackTeam "Niedersachsen U20"]
[WhiteTeamCountry "GER"]
[BlackTeamCountry "GER"]

1. e4 e6 2. d4 d5 3. exd5 exd5 4. Bd3 Bd6 5. Nf3 Nf6 6. 0-0 Be6 7. Bg5 Nbd7 8. c3 c6 9. Nbd2 Qc7 10. Bh4 0-0-0 11. Qc2 h6 12. b4 g5 13. Bg3 g4 14. Bxd6 Qxd6 15. Nh4 Rdg8 16. g3 a6 17. a4 Kc7 18. Nb3 Ne4 19. Rfe1 Ng5 20. Nc5 Nxc5 21. bxc5 Qd7 22. Be2 h5 23. Rab1 Nh3+ 24. Kg2 Rg5 25. Rb6 Bf5 26. Nxf5 Qxf5 27. Qxf5 Rxf5 28. Rf1 Re8 29. Rb2 Ng5 30. Bd3 Rf3 31. Rd2 Ne4 32. Bxe4 Rxe4 33. Rc2 Kb8 34. h3 f5 35. hxg4 hxg4 36. Rg1 Re7 37. Kf1 Rh7 38. a5 Rd3 39. Kg2 Rf3 40. Kf1 Rd3 41. Kg2 Rf3 42. Kf1 1/2-1/2

[Event "GER-ch Schools U18 Girls"]
[Site "Germany"]
[Date "2009.05.18"]
[Round "7.1"]
[White "Heinemann, Josefine"]
[Black "Rolfs, Rebecca"]
[Result "1/2-1/2"]
[WhiteElo "1120"]
[BlackElo "1107"]
[PlyCount "59"]
[EventDate "2009.05.16"]
[EventType "team-swiss"]
[EventRounds "7"]
[EventCountry "GER"]
[SourceTitle "EXT 2011"]
[Source "ChessBase"]
[SourceDate "2010.11.26"]
[SourceVersion "1"]
[SourceVersionDate "2010.11.26"]
[SourceQuality "1"]
[WhiteTeam "Magdeburg WvSG (W)"]
[BlackTeam "Hamburg MCG (W)"]
[WhiteTeamCountry "GER"]
[BlackTeamCountry "GER"]

1. e4 e5 2. Nf3 Nc6 3. d4 exd4 4. Nxd4 Bc5 5. Be3 Nxd4 6. Bxd4 Bxd4 7. Qxd4 f6 8. Bc4 Ne7 9. Nc3 d6 10. Nd5 Bd7 11. 0-0-0 Bc6 12. Nxe7 Qxe7 13. Kb1 a6 14. Rhe1 0-0-0 15. Qa7 Rhe8 16. Qe3 Qxe4 17. Qh3+ Bd7 18. Rxe4 Bxh3 19. Rxe8 Rxe8 20. gxh3 Re4 21. Bd3 Rh4 22. Re1 Kd8 23. Re3 g5 24. a3 h5 25. Rf3 Ke7 26. Re3+ Kf7 27. Be2 f5 28. Rc3 c6 29. Bc4+ Kf6 30. Bxa6 1/2-1/2

[Event "Hamburg-ch U16"]
[Site "Schoenhagen"]
[Date "2009.03.19"]
[Round "7"]
[White "Rolfs, Rebecca"]
[Black "Draeger, Daniel"]
[Result "0-1"]
[WhiteElo "1196"]
[BlackElo "1291"]
[PlyCount "82"]
[EventDate "2009.03.14"]
[EventType "swiss"]
[EventRounds "9"]
[EventCountry "GER"]
[SourceTitle "EXT 2010"]
[Source "ChessBase"]
[SourceDate "2010.11.25"]
[SourceVersion "1"]
[SourceVersionDate "2010.11.25"]
[SourceQuality "1"]

1. e4 e5 2. Nf3 Nc6 3. Bc4 Bc5 4. d3 Nf6 5. Nc3 d6 6. Be3 Bb6 7. Qd2 Be6 8. Bb3 Qd7 9. 0-0-0 Bxb3 10. cxb3 d5 11. exd5 Nxd5 12. d4 exd4 13. Nxd4 Nxe3 14. fxe3 0-0 15. Nce2 Rfe8 16. Rhf1 Qe7 17. Rf3 Nxd4 18. Nxd4 Rad8 19. Qc3 Bxd4 20. exd4 Qg5+ 21. Qd2 Qxd2+ 22. Rxd2 c6 23. Kc2 f6 24. h3 Kf7 25. g4 Re4 26. Rfd3 Ke6 27. Kc3 Kd5 28. b4 b5 29. b3 Rde8 30. a4 a6 31. Rf3 Re3+ 32. Rxe3 Rxe3+ 33. Rd3 Rxd3+ 34. Kxd3 g6 35. Ke3 f5 36. gxf5 gxf5 37. h4 bxa4 38. bxa4 Kc4 39. b5 cxb5 40. axb5 axb5 41. h5 b4 0-1

[Event "Hamburg-ch U16"]
[Site "Schoenhagen"]
[Date "2009.03.17"]
[Round "5"]
[White "Xin, Ruidi"]
[Black "Rolfs, Rebecca"]
[Result "1-0"]
[WhiteElo "1514"]
[BlackElo "1196"]
[PlyCount "117"]
[EventDate "2009.03.14"]
[EventType "swiss"]
[EventRounds "9"]
[EventCountry "GER"]
[SourceTitle "EXT 2010"]
[Source "ChessBase"]
[SourceDate "2010.11.25"]
[SourceVersion "1"]
[SourceVersionDate "2010.11.25"]
[SourceQuality "1"]

1. d4 d5 2. c4 e6 3. Nc3 c6 4. e3 Nf6 5. Nf3 Nbd7 6. Qc2 Be7 7. cxd5 exd5 8. Bd3 Nf8 9. 0-0 Ng6 10. a3 0-0 11. Bd2 b6 12. Ne2 Bg4 13. Bb4 Qd7 14. Bxe7 Qxe7 15. Nd2 Rae8 16. Nc3 b5 17. Na2 Bd7 18. Nb4 Qd6 19. Rac1 Rc8 20. Qc5 Qc7 21. Bxb5 Qb6 22. Nxc6 Bxc6 23. Bxc6 Qxb2 24. Qb4 Qxb4 25. axb4 Rb8 26. b5 Rb6 27. Ra1 Ne7 28. Rxa7 Nxc6 29. bxc6 Rxc6 30. Rfa1 h6 31. Ra8 Rxa8 32. Rxa8+ Kh7 33. Kf1 Rc2 34. Ke1 Rc1+ 35. Ke2 Rh1 36. h3 Kg6 37. Rb8 h5 38. Rb1 Rxb1 39. Nxb1 Kf5 40. Nd2 g5 41. f3 g4 42. hxg4+ hxg4 43. Kd3 gxf3 44. gxf3 Ke6 45. e4 Nh5 46. Kc3 Nf4 47. Kb4 Nd3+ 48. Kb5 f6 49. Kc6 Nb4+ 50. Kb5 Nd3 51. Nb3 Kd6 52. Kb6 Nf4 53. Nc5 Ne6 54. Nxe6 Kxe6 55. Kc6 dxe4 56. fxe4 f5 57. exf5+ Kxf5 58. d5 Ke5 59. d6 1-0

[Event "GER-ch U16 Girls"]
[Site "Willingen"]
[Date "2008.05.11"]
[Round "8"]
[White "Rolfs, Rebecca"]
[Black "Kinzel, Tiffany"]
[Result "0-1"]
[WhiteElo "1215"]
[BlackElo "1659"]
[PlyCount "72"]
[EventDate "2008.05.11"]
[EventType "swiss"]
[EventRounds "9"]
[EventCountry "GER"]
[SourceTitle "CBM 124 Extra"]
[Source "ChessBase"]
[SourceDate "2008.07.03"]
[SourceVersion "1"]
[SourceVersionDate "2008.07.03"]
[SourceQuality "1"]

1. e4 c5 2. Nc3 d6 3. f4 Nc6 4. Nf3 e6 5. Bc4 Nge7 6. 0-0 g6 7. a3 Bg7 8. d3 0-0 9. f5 exf5 10. Qe1 Ne5 11. Nxe5 dxe5 12. Qh4 fxe4 13. dxe4 Qd4+ 14. Rf2 Nf5 15. Qh3 Nd6 16. Qh4 Qxc4 17. Bg5 Nb5 18. Nd5 Bd7 19. Bf6 h5 20. Ne7+ Kh7 21. Bxg7 Kxg7 22. Qf6+ Kh7 23. Qxe5 Rae8 24. Raf1 Be6 25. Qf6 Qxe4 26. Rf3 Qd4+ 27. Qxd4 Nxd4 28. Rc3 Ne2+ 29. Kh1 Nxc3 30. bxc3 Rxe7 31. Rb1 Bc4 32. h3 Rfe8 33. Kh2 Bd5 34. a4 Re2 35. Rg1 Re1 36. Rxe1 Rxe1 0-1

[Event "GER-ch U16 Girls"]
[Site "Willingen"]
[Date "2008.05.11"]
[Round "9"]
[White "Sonnhalter, Stella"]
[Black "Rolfs, Rebecca"]
[Result "1/2-1/2"]
[WhiteElo "1530"]
[BlackElo "1215"]
[PlyCount "66"]
[EventDate "2008.05.11"]
[EventType "swiss"]
[EventRounds "9"]
[EventCountry "GER"]
[SourceTitle "CBM 124 Extra"]
[Source "ChessBase"]
[SourceDate "2008.07.03"]
[SourceVersion "1"]
[SourceVersionDate "2008.07.03"]
[SourceQuality "1"]

1. e4 d5 2. exd5 Qxd5 3. Nc3 Qd6 4. d4 Nf6 5. Bc4 a6 6. h3 b5 7. Bb3 Bb7 8. Nf3 e6 9. Be3 Be7 10. 0-0 0-0 11. Qd2 Bxf3 12. gxf3 Nc6 13. Ne4 Nxe4 14. fxe4 e5 15. d5 Nd8 16. Kh1 Kh8 17. Rg1 Qf6 18. Rg3 Nb7 19. Rag1 Rg8 20. Qe2 g6 21. c4 bxc4 22. Bxc4 a5 23. Rc1 Nc5 24. Bg5 Qd6 25. Bxe7 Qxe7 26. Kh2 Rab8 27. Qc2 Rb7 28. Be2 Nd7 29. Rc3 Nf6 30. Bd3 Ne8 31. Rc5 Ra7 32. Qa4 Qf6 33. R1c2 Qf4+ 1/2-1/2